| 000 | 01359njm a22003137a 4500 | ||
|---|---|---|---|
| 005 | 2010092109109.0 | ||
| 007 | sd ammalaaahaa | ||
| 008 | 100918t xxu||||| |||| 00| 0 hin d | ||
| 028 |
_a2393 967 _bMUSIC INDIA |
||
| 028 |
_a2393 967 _bMUSIC INDIA |
||
| 028 |
_a2393 967 _bMUSIC INDIA |
||
| 035 | _aGR-04424 | ||
| 040 | _aSED/VEN | ||
| 100 |
_920657 _aKhurana, Harendra |
||
| 245 |
_aPyar Ki Baatein (Part-1) _cby Harendra Khurana; Music by Kuldeep Singh; Lyric by Paiyyam Saidi _h[sound recording] : _bHindi Ghajals / |
||
| 246 | _aप्यार की बातें (हरेन्द्र सिंह) | ||
| 260 |
_aDum Dum, India _bMUSIC INDIA _cP-1984 |
||
| 300 |
_a1 sound disc [Gramophone record] : _banalog, 331/3 rpm _c12 in. (LP) _fGramophone Record |
||
| 500 | _aBrief Record | ||
| 500 | _aRecord Labels: MUSIC INDIA, Gray | ||
| 505 | _aगीत साइड-1; दिवाना हो गया (प्यार की बातें) (हरेन्द्र सिंह), गीत साइड-2; साकिया शराब दे (भाग-2) | ||
| 600 |
_aKhurana, Harendra _920864 |
||
| 650 |
_vFilm Songs _xExcerpts _zIndia _920658 |
||
| 700 | _920659 | ||
| 700 | _920660 | ||
| 700 | _920674 | ||
| 942 |
_2ddc _cGR |
||
| 999 |
_c47214 _d47214 |
||